[Event "DEM U14 2018"]
[Site "Willingen GER"]
[Date "2018.05.22"]
[Round "4"]
[White "Nguyen, Alex Dac-Vuong"]
[Black "Wu, Leon"]
[Result "1/2-1/2"]
[Termination "normal"]
[Board "5"]
[WhiteElo "2167"]
[BlackElo "2022"]
[WhiteClock "00:40:22"]
[BlackClock "00:24:50"]
[PlyCount "119"]
[WhiteFideId "12984388"]
[BlackFideId "12977438"]
[EventCountry "GER"]
[EventRounds "9"]
[EventType "swiss"]
[EventDate "2018.05.19"]

1. e4 {[%clk 1:30:57]} 1... c5 {[%clk 1:30:42]} 2. Nf3 {[%clk 1:31:20]} 2... d6
{[%clk 1:30:47]} 3. d4 {[%clk 1:31:44]} 3... cxd4 {[%clk 1:31:00]} 4. Nxd4 {
[%clk 1:32:05]} 4... Nf6 {[%clk 1:31:23]} 5. Nc3 {[%clk 1:32:25]} 5... a6 {
[%clk 1:31:16]} 6. Bg5 {[%clk 1:32:39]} 6... Nbd7 {[%clk 1:30:34]} 7. f4 {
[%clk 1:32:54]} 7... b5 {[%clk 1:29:11]} 8. Qf3 {[%clk 1:28:33]} 8... Bb7 {
[%clk 1:22:21]} 9. O-O-O {[%clk 1:26:24]} 9... Rc8 {[%clk 1:16:19]} 10. Nd5 {
[%clk 1:20:54]} 10... e6 {[%clk 1:06:09]} 11. Bxf6 {[%clk 1:16:32]} 11... Nxf6
{[%clk 1:04:50]} 12. Nxf6+ {[%clk 1:14:06]} 12... gxf6 {[%clk 0:56:10]} 13. Kb1
{[%clk 1:12:20]} 13... f5 {[%clk 0:52:25]} 14. Bd3 {[%clk 1:03:59]} 14... Bg7 {
[%clk 0:49:56]} 15. Qe3 {[%clk 1:02:20]} 15... fxe4 {[%clk 0:42:46]} 16. Bxe4 {
[%clk 1:01:55]} 16... Bxe4 {[%clk 0:43:00]} 17. Qxe4 {[%clk 1:02:18]} 17... Qf6
{[%clk 0:41:47]} 18. g4 {[%clk 0:54:36]} 18... d5 {[%clk 0:39:05]} 19. Qe3 {
[%clk 0:53:55]} 19... Rc4 {[%clk 0:36:50]} 20. c3 {[%clk 0:39:20]} 20... b4 {
[%clk 0:32:15]} 21. g5 {[%clk 0:31:45]} 21... Qg6+ {[%clk 0:29:02]} 22. f5 {
[%clk 0:31:08]} 22... Bxd4 {[%clk 0:28:46]} 23. Qf4 {[%clk 0:28:20]} 23...
Qxf5+ {[%clk 0:24:51]} 24. Qxf5 {[%clk 0:27:57]} 24... exf5 {[%clk 0:25:18]}
25. cxd4 {[%clk 0:28:09]} 25... h6 {[%clk 0:24:25]} 26. Rhe1+ {[%clk 0:24:40]}
26... Kf8 {[%clk 0:24:43]} 27. Re5 {[%clk 0:23:02]} 27... hxg5 {[%clk 0:25:07]}
28. Rd2 {[%clk 0:23:26]} 28... g4 {[%clk 0:24:06]} 29. b3 {[%clk 0:23:11]}
29... Rc6 {[%clk 0:23:02]} 30. Rxf5 {[%clk 0:14:33]} 30... Rch6 {[%clk 0:21:41]
} 31. Rg5 {[%clk 0:14:51]} 31... Rxh2 {[%clk 0:21:25]} 32. Rxh2 {[%clk 0:15:10]
} 32... Rxh2 {[%clk 0:21:52]} 33. Rxg4 {[%clk 0:15:29]} 33... Rd2 { [%clk
0:21:11]} 34. Kc1 {[%clk 0:13:49]} 34... Rxa2 {[%clk 0:21:05]} 35. Rg5 { [%clk
0:14:16]} 35... Ra5 {[%clk 0:20:55]} 36. Re5 {[%clk 0:14:41]} 36... Rb5 { [%clk
0:20:32]} 37. Kd2 {[%clk 0:14:51]} 37... a5 {[%clk 0:20:29]} 38. Kd3 { [%clk
0:15:03]} 38... f6 {[%clk 0:20:17]} 39. Re6 {[%clk 0:15:24]} 39... Kf7 { [%clk
0:20:35]} 40. Rd6 {[%clk 0:15:43]} 40... Kg6 {[%clk 0:19:35]} 41. Ra6 { [%clk
0:15:47]} 41... Kf5 {[%clk 0:17:53]} 42. Ke3 {[%clk 0:15:35]} 42... Kg5 { [%clk
0:18:06]} 43. Kf3 {[%clk 0:14:47]} 43... f5 {[%clk 0:11:40]} 44. Ra8 { [%clk
0:14:39]} 44... Rb6 {[%clk 0:10:49]} 45. Rxa5 {[%clk 0:14:39]} 45... Rc6 {[%clk
0:10:46]} 46. Rxd5 {[%clk 0:10:48]} 46... Rc3+ {[%clk 0:11:10]} 47. Ke2 {[%clk
0:11:01]} 47... Rxb3 {[%clk 0:11:26]} 48. Rb5 {[%clk 0:11:25]} 48... Kf6 {[%clk
0:10:33]} 49. Rb6+ {[%clk 0:11:35]} 49... Ke7 {[%clk 0:10:29]} 50. d5 { [%clk
0:11:33]} 50... Rb1 {[%clk 0:01:13]} 51. d6+ {[%clk 0:11:13]} 51... Kd7 { [%clk
0:28:39]} 52. Rb5 {[%clk 0:40:50]} 52... b3 {[%clk 0:26:12]} 53. Kd2 { [%clk
0:41:13]} 53... f4 {[%clk 0:26:33]} 54. Kc3 {[%clk 0:38:47]} 54... f3 { [%clk
0:26:30]} 55. Rf5 {[%clk 0:39:07]} 55... Rf1 {[%clk 0:26:53]} 56. Rf6 { [%clk
0:39:08]} 56... f2 {[%clk 0:26:28]} 57. Kb2 {[%clk 0:39:21]} 57... Kc6 { [%clk
0:25:27]} 58. d7+ {[%clk 0:39:39]} 58... Kxd7 {[%clk 0:25:52]} 59. Rf8 { [%clk
0:40:03]} 59... Ke6 {[%clk 0:24:50]} 60. Rf3 {[%clk 0:40:22]} 1/2-1/2

[Event "DEM U14 2018"]
[Site "Willingen GER"]
[Date "2018.05.22"]
[Round "4"]
[White "Astner, Sebastian"]
[Black "Bethke, Richard"]
[Result "0-1"]
[Termination "normal"]
[Board "6"]
[WhiteElo "1860"]
[BlackElo "2148"]
[WhiteClock "00:44:07"]
[BlackClock "00:23:31"]
[PlyCount "64"]
[WhiteFideId "12979422"]
[BlackFideId "12959243"]
[EventCountry "GER"]
[EventRounds "9"]
[EventType "swiss"]
[EventDate "2018.05.19"]

1. e4 {[%clk 1:30:57]} 1... e5 {[%clk 1:30:55]} 2. d4 {[%clk 1:31:21]} 2...
exd4 {[%clk 1:31:21]} 3. Qxd4 {[%clk 1:31:46]} 3... Nc6 {[%clk 1:31:47]} 4. Qe3
{[%clk 1:32:11]} 4... Nf6 {[%clk 1:32:13]} 5. Nc3 {[%clk 1:32:34]} 5... Bb4 {
[%clk 1:32:39]} 6. Bd2 {[%clk 1:32:56]} 6... O-O {[%clk 1:33:05]} 7. O-O-O {
[%clk 1:33:21]} 7... Re8 {[%clk 1:33:31]} 8. Bc4 {[%clk 1:33:42]} 8... d6 {
[%clk 1:33:41]} 9. f3 {[%clk 1:32:08]} 9... Ne5 {[%clk 1:34:04]} 10. Bb3 {
[%clk 1:29:14]} 10... a5 {[%clk 1:34:15]} 11. a3 {[%clk 1:26:38]} 11... Bc5 {
[%clk 1:34:39]} 12. Qg5 {[%clk 1:25:35]} 12... c6 {[%clk 1:27:32]} 13. Bf4 {
[%clk 1:21:42]} 13... h6 {[%clk 1:27:03]} 14. Qh4 {[%clk 1:21:10]} 14... g5 {
[%clk 1:04:51]} 15. Bxg5 {[%clk 1:18:47]} 15... hxg5 {[%clk 1:05:13]} 16. Qxg5+
{[%clk 1:19:13]} 16... Kf8 {[%clk 1:04:49]} 17. Na4 {[%clk 1:01:40]} 17... Ba7
{[%clk 1:02:18]} 18. Ne2 {[%clk 0:57:18]} 18... Ke7 {[%clk 0:57:58]} 19. Nd4 {
[%clk 0:54:01]} 19... Rg8 {[%clk 0:45:14]} 20. Nf5+ {[%clk 0:53:02]} 20... Bxf5
{[%clk 0:45:10]} 21. Qxf5 {[%clk 0:53:25]} 21... Be3+ {[%clk 0:36:01]} 22. Kb1
{[%clk 0:53:47]} 22... Rg5 {[%clk 0:32:05]} 23. Qh3 {[%clk 0:53:03]} 23... b5 {
[%clk 0:27:27]} 24. Nc3 {[%clk 0:49:37]} 24... b4 {[%clk 0:27:49]} 25. axb4 {
[%clk 0:49:32]} 25... axb4 {[%clk 0:28:14]} 26. Na4 {[%clk 0:49:17]} 26... c5 {
[%clk 0:28:02]} 27. f4 {[%clk 0:49:03]} 27... Bxf4 {[%clk 0:28:22]} 28. Nxc5 {
[%clk 0:48:49]} 28... Qa5 {[%clk 0:26:20]} 29. Na4 {[%clk 0:48:13]} 29... Rh5 {
[%clk 0:26:46]} 30. Rd5 {[%clk 0:47:03]} 30... Qc7 {[%clk 0:23:11]} 31. Rxe5+ {
[%clk 0:45:50]} 31... Bxe5 {[%clk 0:23:34]} 32. Qf3 {[%clk 0:44:07]} 32... Qc6
{[%clk 0:23:31]} 0-1

[Event "DEM U14 2018"]
[Site "Willingen GER"]
[Date "2018.05.22"]
[Round "4"]
[White "Weihrauch, Jakob"]
[Black "Haufe, Laurin"]
[Result "1-0"]
[Termination "normal"]
[Board "7"]
[WhiteElo "2136"]
[BlackElo "1814"]
[WhiteClock "00:47:20"]
[BlackClock "00:53:09"]
[PlyCount "45"]
[WhiteFideId "16210115"]
[BlackFideId "12976504"]
[EventCountry "GER"]
[EventRounds "9"]
[EventType "swiss"]
[EventDate "2018.05.19"]

1. e4 {[%clk 1:30:58]} 1... c5 {[%clk 1:30:17]} 2. Nf3 {[%clk 1:31:16]} 2... d6
{[%clk 1:30:29]} 3. d4 {[%clk 1:31:37]} 3... cxd4 {[%clk 1:30:41]} 4. Nxd4 {
[%clk 1:32:00]} 4... Nf6 {[%clk 1:30:57]} 5. Nc3 {[%clk 1:32:26]} 5... a6 {
[%clk 1:31:19]} 6. g3 {[%clk 1:32:37]} 6... e6 {[%clk 1:31:25]} 7. Bg2 { [%clk
1:32:29]} 7... Be7 {[%clk 1:30:39]} 8. O-O {[%clk 1:30:59]} 8... Qc7 { [%clk
1:30:15]} 9. f4 {[%clk 1:30:23]} 9... Nbd7 {[%clk 1:29:34]} 10. g4 { [%clk
1:28:46]} 10... Nb6 {[%clk 1:27:26]} 11. g5 {[%clk 1:27:38]} 11... Nfd7 { [%clk
1:27:17]} 12. f5 {[%clk 1:24:16]} 12... e5 {[%clk 1:25:47]} 13. Nde2 { [%clk
1:17:58]} 13... Qc5+ {[%clk 1:22:19]} 14. Kh1 {[%clk 1:17:50]} 14... f6 { [%clk
1:21:37]} 15. a4 {[%clk 1:10:28]} 15... Nc4 {[%clk 1:11:46]} 16. Qd3 { [%clk
1:08:02]} 16... fxg5 {[%clk 1:07:22]} 17. b3 {[%clk 1:06:19]} 17... Na5 { [%clk
1:06:41]} 18. Nd5 {[%clk 0:53:19]} 18... Qc6 {[%clk 1:02:20]} 19. Be3 { [%clk
0:49:16]} 19... b5 {[%clk 0:54:13]} 20. axb5 {[%clk 0:48:02]} 20... axb5 21. b4
{[%clk 0:47:43]} 21... Ba6 {[%clk 0:53:06]} 22. Rxa5 {[%clk 0:47:40]} 22... Kf7
{[%clk 0:53:09]} 23. Nxe7 {[%clk 0:47:20]} 1-0

[Event "DEM U14 2018"]
[Site "Willingen GER"]
[Date "2018.05.22"]
[Round "4"]
[White "Dahl, Christoph"]
[Black "Yi, Danny"]
[Result "1-0"]
[Termination "normal"]
[Board "8"]
[WhiteElo "1965"]
[BlackElo "2074"]
[WhiteClock "00:58:22"]
[BlackClock "00:33:03"]
[PlyCount "63"]
[WhiteFideId "16240235"]
[BlackFideId "12988588"]
[EventCountry "GER"]
[EventRounds "9"]
[EventType "swiss"]
[EventDate "2018.05.19"]

1. e4 {[%clk 1:30:52]} 1... e5 {[%clk 1:30:54]} 2. Nf3 {[%clk 1:30:58]} 2...
Nf6 {[%clk 1:31:16]} 3. Nc3 {[%clk 1:31:03]} 3... Nc6 {[%clk 1:31:24]} 4. d4 {
[%clk 1:30:48]} 4... exd4 {[%clk 1:29:41]} 5. Nxd4 {[%clk 1:30:40]} 5... Nxd4 {
[%clk 1:27:28]} 6. Qxd4 {[%clk 1:30:25]} 6... d6 {[%clk 1:26:41]} 7. e5 { [%clk
1:23:47]} 7... dxe5 {[%clk 1:24:45]} 8. Qxe5+ {[%clk 1:23:41]} 8... Qe7 { [%clk
1:23:06]} 9. Qxe7+ {[%clk 1:20:22]} 9... Bxe7 {[%clk 1:22:55]} 10. Nb5 { [%clk
1:20:42]} 10... Bd8 {[%clk 1:21:04]} 11. Bf4 {[%clk 1:19:03]} 11... Nd5 { [%clk
1:20:56]} 12. Be5 {[%clk 1:16:25]} 12... O-O {[%clk 1:17:27]} 13. O-O-O { [%clk
1:16:20]} 13... c6 {[%clk 1:16:32]} 14. Nd6 {[%clk 1:13:40]} 14... Bg5+ { [%clk
1:06:18]} 15. Kb1 {[%clk 1:13:06]} 15... Be7 {[%clk 1:05:49]} 16. Bc4 { [%clk
1:11:50]} 16... Nb6 {[%clk 1:05:26]} 17. Bb3 {[%clk 1:09:54]} 17... Bxd6 {[%clk
1:04:46]} 18. Bxd6 {[%clk 1:06:18]} 18... Re8 {[%clk 1:04:48]} 19. Bc5 { [%clk
1:05:29]} 19... Bf5 {[%clk 1:04:05]} 20. f3 {[%clk 1:04:33]} 20... h5 { [%clk
1:02:28]} 21. Rhg1 {[%clk 1:04:25]} 21... Rad8 {[%clk 1:00:46]} 22. Bd4 { [%clk
0:59:41]} 22... Re7 {[%clk 0:56:40]} 23. g4 {[%clk 0:59:22]} 23... hxg4 { [%clk
0:56:25]} 24. fxg4 {[%clk 0:59:47]} 24... Bg6 {[%clk 0:56:22]} 25. Kc1 { [%clk
0:57:56]} 25... Re4 {[%clk 0:45:13]} 26. c3 {[%clk 0:57:46]} 26... Re2 { [%clk
0:37:39]} 27. Bxb6 {[%clk 0:57:41]} 27... Rxd1+ {[%clk 0:33:47]} 28. Bxd1
{[%clk 0:58:06]} 28... Rxh2 {[%clk 0:33:21]} 29. Bxa7 {[%clk 0:58:20]} 29...
Kh7 {[%clk 0:32:47]} 30. Bb8 {[%clk 0:58:35]} 30... Rf2 {[%clk 0:32:50]} 31.
Bg3 {[%clk 0:58:21]} 31... Rf6 {[%clk 0:33:03]} 32. Bc2 {[%clk 0:58:22]} 1-0

[Event "DEM U14 2018"]
[Site "Willingen GER"]
[Date "2018.05.22"]
[Round "4"]
[White "Lutz, Ruben"]
[Black "Kölle, Tobias"]
[Result "1/2-1/2"]
[Termination "normal"]
[Board "9"]
[WhiteElo "1940"]
[BlackElo "2226"]
[WhiteClock "00:09:35"]
[BlackClock "00:23:27"]
[PlyCount "66"]
[WhiteFideId "12975974"]
[BlackFideId "16207378"]
[EventCountry "GER"]
[EventRounds "9"]
[EventType "swiss"]
[EventDate "2018.05.19"]

1. d4 {[%clk 1:30:59]} 1... d5 {[%clk 1:30:54]} 2. c4 {[%clk 1:31:24]} 2... c6
{[%clk 1:31:21]} 3. cxd5 {[%clk 1:31:45]} 3... cxd5 {[%clk 1:31:46]} 4. Bf4 {
[%clk 1:32:07]} 4... Nc6 {[%clk 1:32:11]} 5. Nc3 {[%clk 1:32:25]} 5... e5 {
[%clk 1:32:34]} 6. Bxe5 {[%clk 1:30:45]} 6... Nxe5 {[%clk 1:32:55]} 7. dxe5 {
[%clk 1:31:10]} 7... d4 {[%clk 1:33:17]} 8. Ne4 {[%clk 1:25:39]} 8... Qa5+ {
[%clk 1:32:35]} 9. Nd2 {[%clk 1:25:59]} 9... Ne7 {[%clk 1:32:40]} 10. Ngf3 {
[%clk 1:25:01]} 10... Nc6 {[%clk 1:33:00]} 11. a3 {[%clk 1:22:46]} 11... Nxe5 {
[%clk 1:31:44]} 12. Nxe5 {[%clk 1:16:46]} 12... Qxe5 {[%clk 1:32:03]} 13. Nf3 {
[%clk 1:17:10]} 13... Qc7 {[%clk 1:15:28]} 14. Nxd4 {[%clk 1:16:17]} 14... Bc5
{[%clk 1:08:33]} 15. Rc1 {[%clk 1:11:02]} 15... Qb6 {[%clk 1:04:55]} 16. e3 {
[%clk 1:09:42]} 16... O-O {[%clk 1:02:03]} 17. b4 {[%clk 0:41:02]} 17... Be7 {
[%clk 0:58:05]} 18. Bc4 {[%clk 0:29:32]} 18... a5 {[%clk 0:55:41]} 19. O-O {
[%clk 0:29:52]} 19... axb4 {[%clk 0:54:24]} 20. axb4 {[%clk 0:30:13]} 20...
Qxb4 {[%clk 0:53:32]} 21. Qe2 {[%clk 0:29:14]} 21... Bf6 {[%clk 0:51:53]} 22.
Rb1 {[%clk 0:28:02]} 22... Qe7 {[%clk 0:52:04]} 23. Rfd1 {[%clk 0:26:51]} 23...
Rd8 {[%clk 0:47:17]} 24. Qh5 {[%clk 0:22:01]} 24... g6 {[%clk 0:46:55]} 25. Qb5
{[%clk 0:21:01]} 25... Bg4 {[%clk 0:42:32]} 26. Re1 {[%clk 0:20:13]} 26... Rac8
{[%clk 0:38:56]} 27. h3 {[%clk 0:18:59]} 27... Bd7 {[%clk 0:38:15]} 28. Qb3 {
[%clk 0:19:23]} 28... Be8 {[%clk 0:37:05]} 29. Be2 {[%clk 0:17:14]} 29... Rb8 {
[%clk 0:34:24]} 30. Bb5 {[%clk 0:11:06]} 30... Qf8 {[%clk 0:30:34]} 31. Red1 {
[%clk 0:10:22]} 31... Qe7 {[%clk 0:25:41]} 32. Bxe8 {[%clk 0:09:19]} 32... Qxe8
{[%clk 0:24:45]} 33. Qb6 {[%clk 0:09:35]} 33... Qe7 {[%clk 0:23:27]} 1/2-1/2

[Event "DEM U14 2018"]
[Site "Willingen GER"]
[Date "2018.05.22"]
[Round "4"]
[White "Colbow, Collin"]
[Black "Kirchner, Markus"]
[Result "1-0"]
[Termination "normal"]
[Board "10"]
[WhiteElo "2148"]
[BlackElo "1851"]
[WhiteClock "00:03:49"]
[BlackClock "00:34:19"]
[PlyCount "73"]
[WhiteFideId "16201132"]
[BlackFideId "12979163"]
[EventCountry "GER"]
[EventRounds "9"]
[EventType "swiss"]
[EventDate "2018.05.19"]

1. e4 {[%clk 1:30:57]} 1... e6 {[%clk 1:30:46]} 2. d4 {[%clk 1:31:21]} 2... d5
{[%clk 1:30:19]} 3. Nd2 {[%clk 1:31:35]} 3... Nf6 {[%clk 1:28:41]} 4. e5 {
[%clk 1:31:43]} 4... Nfd7 {[%clk 1:28:59]} 5. Bd3 {[%clk 1:32:02]} 5... c5 {
[%clk 1:28:34]} 6. c3 {[%clk 1:32:25]} 6... Nc6 {[%clk 1:28:21]} 7. Ne2 { [%clk
1:32:42]} 7... cxd4 {[%clk 1:27:17]} 8. cxd4 {[%clk 1:32:59]} 8... f6 { [%clk
1:21:50]} 9. exf6 {[%clk 1:33:02]} 9... Nxf6 {[%clk 1:22:14]} 10. O-O { [%clk
1:33:15]} 10... Bd6 {[%clk 1:21:15]} 11. Nf3 {[%clk 1:33:40]} 11... Qc7 { [%clk
1:21:11]} 12. Bg5 {[%clk 1:33:38]} 12... O-O {[%clk 1:20:55]} 13. Bh4 { [%clk
1:33:18]} 13... Nh5 {[%clk 1:20:58]} 14. Qc2 {[%clk 1:32:58]} 14... h6 { [%clk
1:19:22]} 15. Bh7+ {[%clk 1:33:11]} 15... Kh8 {[%clk 1:19:43]} 16. Bg6 { [%clk
1:33:20]} 16... Rxf3 {[%clk 1:18:20]} 17. Bxh5 {[%clk 1:33:34]} 17... Rf8
{[%clk 1:18:34]} 18. Bg3 {[%clk 1:30:03]} 18... Rf6 {[%clk 1:16:07]} 19. Qd2 {
[%clk 1:13:26]} 19... Bd7 {[%clk 1:13:42]} 20. Rac1 {[%clk 1:09:58]} 20... Raf8
{[%clk 1:12:59]} 21. a3 {[%clk 1:00:05]} 21... Be8 {[%clk 1:12:18]} 22. Bf3 {
[%clk 0:55:04]} 22... Bf7 {[%clk 1:08:45]} 23. b4 {[%clk 0:52:45]} 23... Bxg3 {
[%clk 1:07:17]} 24. hxg3 {[%clk 0:51:11]} 24... a6 {[%clk 1:03:05]} 25. Rc5 {
[%clk 0:40:53]} 25... Qd6 {[%clk 1:01:21]} 26. Rd1 {[%clk 0:26:26]} 26... Be8 {
[%clk 0:58:09]} 27. Rdc1 {[%clk 0:15:51]} 27... g5 {[%clk 0:54:48]} 28. Qe3 {
[%clk 0:13:39]} 28... Ne7 {[%clk 0:48:40]} 29. Rc7 {[%clk 0:07:18]} 29... Bc6 {
[%clk 0:47:55]} 30. Qe5 {[%clk 0:07:35]} 30... Qd8 {[%clk 0:44:27]} 31. Bh5 {
[%clk 0:07:49]} 31... Kg8 {[%clk 0:39:48]} 32. a4 {[%clk 0:06:11]} 32... Ng6 {
[%clk 0:37:47]} 33. Bxg6 {[%clk 0:06:25]} 33... Rxg6 {[%clk 0:38:14]} 34. b5 {
[%clk 0:02:57]} 34... Rf5 {[%clk 0:37:04]} 35. bxc6 {[%clk 0:03:18]} 35... bxc6
{[%clk 0:35:28]} 36. R1xc6 {[%clk 0:03:38]} 36... Rxe5 {[%clk 0:34:19]} 37.
dxe5 {[%clk 0:03:49]} 1-0

[Event "DEM U14 2018"]
[Site "Willingen GER"]
[Date "2018.05.22"]
[Round "4"]
[White "Pubantz, Jan"]
[Black "Popist, Florian"]
[Result "0-1"]
[Termination "normal"]
[Board "11"]
[WhiteElo "2107"]
[BlackElo "1850"]
[WhiteClock "00:00:53"]
[BlackClock "00:47:36"]
[PlyCount "68"]
[WhiteFideId "12996114"]
[BlackFideId "16203518"]
[EventCountry "GER"]
[EventRounds "9"]
[EventType "swiss"]
[EventDate "2018.05.19"]

1. d4 {[%clk 1:30:58]} 1... d5 {[%clk 1:30:53]} 2. c4 {[%clk 1:31:25]} 2... e6
{[%clk 1:31:17]} 3. Nf3 {[%clk 1:31:50]} 3... Nf6 {[%clk 1:31:36]} 4. g3 {
[%clk 1:32:15]} 4... Be7 {[%clk 1:32:00]} 5. Bg2 {[%clk 1:32:42]} 5... O-O {
[%clk 1:32:18]} 6. O-O {[%clk 1:33:04]} 6... dxc4 {[%clk 1:32:42]} 7. Qc2 {
[%clk 1:33:28]} 7... a6 {[%clk 1:33:05]} 8. a4 {[%clk 1:33:50]} 8... Bd7 {
[%clk 1:33:19]} 9. Qxc4 {[%clk 1:34:09]} 9... Bc6 {[%clk 1:33:24]} 10. Bf4 {
[%clk 1:34:28]} 10... Nbd7 {[%clk 1:32:45]} 11. Nc3 {[%clk 1:34:08]} 11... Rc8
{[%clk 1:32:17]} 12. Rfd1 {[%clk 1:33:03]} 12... Nb6 {[%clk 1:32:03]} 13. Qb3 {
[%clk 1:27:04]} 13... Nfd5 {[%clk 1:30:36]} 14. Bd2 {[%clk 1:18:20]} 14... Nxc3
{[%clk 1:26:50]} 15. bxc3 {[%clk 1:17:02]} 15... Bd5 {[%clk 1:25:13]} 16. Qb1 {
[%clk 1:02:10]} 16... f5 {[%clk 1:23:29]} 17. Ne5 {[%clk 0:58:59]} 17... Bxg2 {
[%clk 1:15:10]} 18. Kxg2 {[%clk 0:59:24]} 18... Qd5+ {[%clk 1:14:03]} 19. f3 {
[%clk 0:57:53]} 19... Nc4 {[%clk 1:08:25]} 20. e4 {[%clk 0:55:45]} 20... Nxd2 {
[%clk 1:08:30]} 21. Rxd2 {[%clk 0:55:16]} 21... Qa5 {[%clk 1:08:38]} 22. Rd3 {
[%clk 0:45:41]} 22... fxe4 {[%clk 1:08:29]} 23. fxe4 {[%clk 0:45:26]} 23... Bd6
{[%clk 1:08:35]} 24. Nd7 {[%clk 0:27:28]} 24... Rf7 {[%clk 1:06:08]} 25. Qxb7 {
[%clk 0:19:36]} 25... Rd8 {[%clk 1:06:02]} 26. Nb8 {[%clk 0:18:24]} 26... Qh5 {
[%clk 1:02:07]} 27. Qb2 {[%clk 0:15:20]} 27... Rdf8 {[%clk 1:00:42]} 28. Ra2 {
[%clk 0:12:14]} 28... Qg4 {[%clk 0:53:52]} 29. Qb7 {[%clk 0:01:27]} 29... c5 {
[%clk 0:53:17]} 30. Nd7 {[%clk 0:00:59]} 30... Rxd7 {[%clk 0:46:44]} 31. Qxd7 {
[%clk 0:00:31]} 31... Qxe4+ {[%clk 0:46:57]} 32. Kh3 {[%clk 0:00:44]} 32...
Qf5+ {[%clk 0:47:04]} 33. Kh4 {[%clk 0:00:37]} 33... g5+ {[%clk 0:47:18]} 34.
Kh5 {[%clk 0:00:53]} 34... Qh3+ {[%clk 0:47:36]} 0-1

[Event "DEM U14 2018"]
[Site "Willingen GER"]
[Date "2018.05.22"]
[Round "4"]
[White "Sulayev, Daniel"]
[Black "Morgenstern, Tobias"]
[Result "1-0"]
[Termination "normal"]
[Board "12"]
[WhiteElo "2054"]
[BlackElo "1730"]
[WhiteClock "00:44:36"]
[BlackClock "00:39:39"]
[PlyCount "65"]
[WhiteFideId "12977675"]
[BlackFideId "12974390"]
[EventCountry "GER"]
[EventRounds "9"]
[EventType "swiss"]
[EventDate "2018.05.19"]

1. c4 {[%clk 1:30:59]} 1... e5 {[%clk 1:30:48]} 2. g3 {[%clk 1:31:25]} 2... Nf6
{[%clk 1:30:42]} 3. Bg2 {[%clk 1:31:50]} 3... d5 {[%clk 1:30:38]} 4. cxd5 {
[%clk 1:32:12]} 4... Nxd5 {[%clk 1:31:00]} 5. Nc3 {[%clk 1:32:36]} 5... Nb6 {
[%clk 1:31:16]} 6. Nf3 {[%clk 1:32:32]} 6... Nc6 {[%clk 1:31:38]} 7. d3 { [%clk
1:32:57]} 7... Be7 {[%clk 1:31:52]} 8. O-O {[%clk 1:33:20]} 8... Be6 { [%clk
1:32:13]} 9. a3 {[%clk 1:33:39]} 9... O-O {[%clk 1:32:37]} 10. b4 { [%clk
1:33:46]} 10... Nd4 {[%clk 1:32:35]} 11. Nxd4 {[%clk 1:30:10]} 11... exd4
{[%clk 1:31:46]} 12. Ne4 {[%clk 1:30:28]} 12... a5 {[%clk 1:22:23]} 13. Bd2 {
[%clk 1:15:03]} 13... Nd5 {[%clk 1:16:07]} 14. Nc5 {[%clk 1:11:00]} 14... Bxc5
{[%clk 1:14:50]} 15. bxc5 {[%clk 1:11:21]} 15... b6 {[%clk 1:08:56]} 16. Qc2 {
[%clk 1:08:38]} 16... Qe7 {[%clk 1:05:17]} 17. cxb6 {[%clk 1:02:52]} 17... cxb6
{[%clk 1:05:19]} 18. Qb2 {[%clk 1:03:15]} 18... Qf6 {[%clk 1:02:45]} 19. e3 {
[%clk 0:59:14]} 19... Rab8 {[%clk 0:59:19]} 20. exd4 {[%clk 0:49:40]} 20...
Rfd8 {[%clk 0:57:57]} 21. Rfe1 {[%clk 0:48:51]} 21... Bf5 {[%clk 0:50:16]} 22.
Re5 {[%clk 0:45:24]} 22... Ne7 {[%clk 0:45:39]} 23. g4 {[%clk 0:44:16]} 23...
Bxg4 {[%clk 0:42:53]} 24. Bg5 {[%clk 0:44:38]} 24... Qg6 {[%clk 0:42:51]} 25.
Bxe7 {[%clk 0:44:45]} 25... f6 {[%clk 0:41:22]} 26. Re3 {[%clk 0:44:44]} 26...
Rd7 {[%clk 0:40:51]} 27. Rae1 {[%clk 0:44:11]} 27... Rxe7 {[%clk 0:38:36]} 28.
Rxe7 {[%clk 0:42:48]} 28... Bf3 {[%clk 0:38:56]} 29. Qb3+ {[%clk 0:43:03]}
29... Kf8 {[%clk 0:39:09]} 30. Qf7+ {[%clk 0:43:18]} 30... Qxf7 {[%clk 0:39:25]
} 31. Rxf7+ {[%clk 0:43:47]} 31... Kxf7 {[%clk 0:39:47]} 32. Bxf3 { [%clk
0:44:16]} 32... Rd8 {[%clk 0:39:39]} 33. d5 {[%clk 0:44:36]} 1-0